00612nam a2200205Ia 4500008004100000020001500041040001800056041000800074060000900082100002400091245008500115260004400200300001800244504004100262650001500303650001200318650002100330650001400351650004100365130821s2003 mx gr spa  a9682459605 aCo-BoUCMbspa00aspa aW 511 aGarza Garza, Raúl10aBioética la toma de decisiones en situaciones difícilescRaúl Garza Garza aMéxico D.F. (México)bTrillasc2003 a345 páginas aIncluye bibliografías e índices.04aBioética04aÉtica04aÉtica médica04aEutanasia04aExperimentación humana en medicina